01993nam a2200481 i 450000100060000000300080000600500170001400600190003100700150005000800410006502000180010602000270012403500230015103500240017403500250019803500210022304000310024405000210027508000080029608200140030424501030031826402150042130000410063633600310067733700330070833800430074149000600078450000230084458801250086759001590099265000240115165000270117565000190120265000200122165000180124165000220125965500270128170000440130879700190135283000610137185600620143299900170149486511FlNmELB20241217171500.0m o d | cr cnu||||||||160331s2001 mx o 001 0 spa d z9789707011038 a9781512927849 (e-book) a(MiAaPQ)EBC4423054 a(Au-PeEL)EBL4423054 a(CaPaEBR)ebr11162550 a(OCoLC)984775426 aFINmELBbspaerdacFINmELB 4aQP251bE389 2001 a6120 a612.622300aElementos para un análisis ético de la reproducción /cJuan Guillermo Figueroa, coordinador. 1aMéxico D.F. :bEditorial Miguel Ángel Porrúa :bUniversidad Nacional Autónoma de México :bPrograma Universitario de Investigación en Salud :bPrograma Universitario de Estudios de Género,c[2001] a1 recurso en línea (323 páginas) atextobtxt2rdacontent/spa acomputadorabc2rdamedia/spa arecurso en líneabcr2rdacarrier/spa1 aColección Las ciencias sociales. Estudios de género aContiene índice. aDescripción basada en recurso en línea; Título de la página del título en PDF (e-libro, visto March 31, 2016). aRecurso electronico. Santa Fe, Arg. : e-libro, 2016. Disponible via World Wide Web. El acceso puede ser limitado para las bibliotecas afiliadas a e-libro. 0aHuman reproduction. 4aReproducción humana. 0aSexual ethics. 4aÉtica sexual. 0aHuman rights. 4aDerechos humanos. 4aLibros electrónicos.1 aFigueroa, Juan Guillermo,ecoordinador.2 ae-libro, Corp. 0aColección Las ciencias sociales. Estudios de género.40uhttps://elibro.net/ereader/politecnicointernacional/74851 c86511d86511